000 00248 a2200097 4500
001 41328
100 _aGoodspeed, S
245 _aThe nature and function of international organization
260 _aN.Y
_bOxford university
_c
090 _c25511
_d25511
942 _aNUST-CAE
_cM
_c17238
999 _c276401
_d276401